000 01023nam a2200181 a 4500
001 46795
005 20180714030511.0
008 140415s2000 sp 000 0 spa d
041 _aspa
082 _a110
_bFOR
100 1 _aForment Giralt, Eudaldo,.
245 1 0 _aHISTORIA DE LA FILOSOFIA TOMISTA EN LA ESPAÑA CONTEMPORANEA
250 _a1a ed.
260 _aESPAÑA :
_bEDICIONES ENCUENTRO,
_c2000
300 _a365
_c22.9 x 15.1 x 2.8
520 _aEL CRITERIO DE SELECCIÓN HA SIDO EL DE PODER PRESENTAR UNA ESPECIE DE MANUAL DE FILOSOFÍA TOMISTA CONTEMPORÁNEA. LAS DISTINTAS PARTES DE LA FILOSOFÍA, QUE LO CONSTITUYEN, SE EXPONEN RESPETANDO EL ORDEN HISTORICO EN EL QUE HAN IDO APARECIENDO. LA TAREA DE ESTOS SIETE CAPITULOS NO HA SUPUESTO ESPECIAL DIFICULTAD, PORQUE ES INNEGABLE QUE EL TOMISMO, EN ESPAÑA, SOBRE TODO AL FINAL DEL SEGUNDO MILENIO, ESTÁ A LA MISMA ALTURA EN CANTIDAD Y CALIDAD, POR NO DECIR QUE SOBREPASA, QUE EN OTROS P
650 1 4 _aFILOSOFIA
_xHISTORIA
_xESPAA
_xMETAFISICA
999 _c46795
_d46795